Normal view MARC view

Entry Personal Name

Number of records used in: 3

001 - CONTROL NUMBER

  • control field: 292

003 - CONTROL NUMBER IDENTIFIER

  • control field: DLC

005 - DATE AND TIME OF LATEST TRANSACTION

  • control field: 20191126095900.0

008 - FIXED-LENGTH DATA ELEMENTS

  • fixed length control field: 880922n| acannaabn |a aaa

010 ## - LIBRARY OF CONGRESS CONTROL NUMBER

  • LC control number: n 88147648

035 ## - SYSTEM CONTROL NUMBER

  • System control number: (OCoLC)oca02366100

040 ## - CATALOGING SOURCE

  • Original cataloging agency: DLC
  • Language of cataloging: eng
  • Transcribing agency: DLC
  • Modifying agency: DLC
  • Modifying agency: OCoLC

053 #0 - LC CLASSIFICATION NUMBER

  • Classification number element--single number or beginning number of span: PL4718.9.B3

100 0# - HEADING--PERSONAL NAME

  • Personal name: Balamani Amma, N
  • Dates associated with a name: 1909-

400 1# - SEE FROM TRACING--PERSONAL NAME

  • Personal name: Bālāmaṇiyamma, En.,
  • Dates associated with a name: 1909-

400 1# - SEE FROM TRACING--PERSONAL NAME

  • Control subfield: nna
  • Personal name: Balamani Amma, Nalappat,
  • Dates associated with a name: 1909-

400 0# - SEE FROM TRACING--PERSONAL NAME

  • Personal name: Nalappat Balamani Amma,
  • Dates associated with a name: 1909-

400 1# - SEE FROM TRACING--PERSONAL NAME

  • Personal name: Amma, Balamani,
  • Dates associated with a name: 1909-

400 0# - SEE FROM TRACING--PERSONAL NAME

  • Personal name: Balamaniamma,
  • Dates associated with a name: 1909-

400 1# - SEE FROM TRACING--PERSONAL NAME

  • Personal name: Amma, Nalappat Balamani,
  • Dates associated with a name: 1909-

400 0# - SEE FROM TRACING--PERSONAL NAME

  • Personal name: Balamani Nair,
  • Dates associated with a name: 1909-

400 1# - SEE FROM TRACING--PERSONAL NAME

  • Personal name: Nair, Balamani,
  • Dates associated with a name: 1909-

400 0# - SEE FROM TRACING--PERSONAL NAME

  • Personal name: Nālappāṭṭ Bālāmaṇiyamma,
  • Dates associated with a name: 1909-

400 1# - SEE FROM TRACING--PERSONAL NAME

  • Personal name: Bālāmaṇiyamma, Nālappaṭṭ,
  • Dates associated with a name: 1909-

670 ## - SOURCE DATA FOUND

  • Source citation: Annamma Jēkkab. Bālāmaṇiyammakkavita, 1981:
  • Information found: p. 7 (En. Bālāmaṇiyamma)

670 ## - SOURCE DATA FOUND

  • Source citation: New Delhi MARC file, 6/6/88
  • Information found: (hdg.: Balamani Amma, Nalappat, 1909- ; usage: Bālāmaṇiyamma) New Delhi manual auth. cd. (variants: Balamaniamma; Balamani Amma)

670 ## - SOURCE DATA FOUND

  • Source citation: WW of Ind. writers, 1983:
  • Information found: p. 40 (Balamani Amma, Nalapat; Balamani Nair; b. 7/19/1909; Hons. "Sahitya Nipuna" in San.)

670 ## - SOURCE DATA FOUND

  • Source citation: Kuṭuṃbini, 1949:
  • Information found: t.p. (Nālappāṭṭ Bālāmaṇiyamma)

Powered by Koha